Programming Flash Communication Server /
Contenido: I. Fundamentos de FlashCom: 1. Introducción al servidor de comunicación de Flash; 2. Componentes de la comunicación; 3. Administración de la comunicación; 4. Aplicaciones, instancias y ActionScript de servidor; II. Audio, video y flujo de datos: 5. Administración del flujo; 6. Micrófono y...
Na minha lista:
| Outros Autores: | |
|---|---|
| Formato: | Livro |
| Idioma: | inglês |
| Publicado em: |
Sebastopol, EUA :
O'Reilly,
2005, c2005
|
| Assuntos: | |
| Tags: |
Sem tags, seja o primeiro a adicionar uma tag!
|
MARC
| LEADER | 00000nam^a2200000^a^4500 | ||
|---|---|---|---|
| 001 | 000191958 | ||
| 005 | 20250521000000.0 | ||
| 009 | 20260310102546.731 | ||
| 020 | |a 0-596-00504-0 | ||
| 037 | |a Acervo ITESO - Biblioteca | ||
| 041 | |a ING | ||
| 082 | |a 621. 382171068 |b PRO | ||
| 245 | 0 | 0 | |a Programming Flash Communication Server / |c B. Lesser... [et al.] ; pref. de B. Lesser ; pról. de Pritham Shetty. |
| 246 | 2 | |a Título en la cubierta: Flash Communication Server: Building Real-Time Video, Audio and Data Applications with Flash | |
| 264 | 4 | |a Sebastopol, EUA : |b O'Reilly, |c 2005, c2005 | |
| 300 | |a XXXV, 816 p. | ||
| 336 | |a texto |b txt |2 rdacontenido | ||
| 337 | |a sin mediación |b n |2 rdamedio | ||
| 338 | |a volumen |b nc |2 rdasoporte | ||
| 520 | |a Contenido: I. Fundamentos de FlashCom: 1. Introducción al servidor de comunicación de Flash; 2. Componentes de la comunicación; 3. Administración de la comunicación; 4. Aplicaciones, instancias y ActionScript de servidor; II. Audio, video y flujo de datos: 5. Administración del flujo; 6. Micrófono y cámara; 7. Preparación del medio y envío; III. Conexión remota y comunicación: 8. Objetos compartidos; 9. Métodos remotos; 10. API de administración del servidor; 11. Servicio remoto de Flash; 12. ColdFusion MX y FlashCom; IV. Diseño y despliegue: 13. Construcción de componentes de comunicación; 14. Para comprender la estructura de los componentes de Macromedia; 15.Patrones de diseño de aplicaciones y sus mejores aplicaciones; 16. Construcción de aplicaciones escalables; 17. Desempeño de la red, estado latente y concurrencia; 18. Protección de las aplicaciones. | ||
| 649 | |a XX | ||
| 650 | |a Sistemas en Tiempo Real | ||
| 650 | |a Transmisión de Voz - |x Tema Principal | ||
| 650 | |a Transmisión de Imágenes - |x Tema Principal | ||
| 650 | |a Transmisión de Datos - |x Tema Principal | ||
| 650 | |a Videojuegos | ||
| 650 | |a Animación por Computadora | ||
| 650 | |a Video | ||
| 650 | |a Multimedia | ||
| 650 | |a Teleconferencias | ||
| 650 | |a Internet | ||
| 650 | |a Comunicación en Red | ||
| 650 | |a Telecomunicaciones | ||
| 650 | |a Programación (Software) | ||
| 650 | |a Sistemas Computacionales | ||
| 650 | |a Sistemas de Telecomunicación | ||
| 650 | |a Ingeniería Computacional | ||
| 700 | |a Lesser, Brian |e (autor) | ||
| 910 | |a Fondo General | ||
| 920 | |a Impresos - Libros | ||
| 930 | |a Colección General | ||
| 905 | |a 101 | ||
| 901 | |a 0500135563 |b IT1 |c ACC |u 20250521 | ||
| 902 | |a https://opac.biblio.iteso.mx/vufind/Record/000191958 | ||